[Event "IECC CL6-2021.01 email"]
[Site "IECC email"]
[Date "2021.03.19"]
[Round "?"]
[White "Radding, Marvin"]
[Black "Jewell, Barry"]
[Result "0-1"]
[WhiteElo "1191"]
[BlackElo "1419"]
[PlyCount "64"]
[EventDate "2021.??.??"]
[EventType "tourn (corr)"]
[EventRounds "4"]
[SourceTitle "Corr 2024"]
[Source "ChessBase"]
[SourceDate "2023.10.19"]
[SourceVersion "1"]
[SourceVersionDate "2023.10.19"]
[SourceQuality "1"]
[WhiteTeam "Vereinigte Staaten"]
[BlackTeam "Kanada"]
[WhiteTeamCountry "USA"]
[BlackTeamCountry "CAN"]

1. e4 e5 2. f4 exf4 3. Nf3 g5 4. h4 g4 5. Ne5 d6 6. Nxg4 Be7 7. d4 Bxh4+ 8. Nf2 Qg5 9. Nc3 Bg4 10. Be2 Nf6 11. 0-0 Bxe2 12. Nxe2 Rg8 13. Nxf4 Bxf2+ 14. Rxf2 Ng4 15. Re2 Qh4 16. Nh3 Nd7 17. Qf1 0-0-0 18. Bf4 Ndf6 19. Qf3 Rg6 20. Bg3 Qh6 21. Bf4 Qg7 22. Rf1 Nh5 23. Bg5 Qxd4+ 24. Kh1 Ngf6 25. g4 Ng3+ 26. Qxg3 Nxe4 27. Qf4 Re8 28. Kh2 Rge6 29. Qf5 Qe5+ 30. Bf4 Qxb2 31. Rxe4 Qxc2+ 32. Rf2 Qxe4 0-1

[Event "IECC CL5-2020.05 email"]
[Site "IECC email"]
[Date "2020.11.12"]
[Round "?"]
[White "Jewell, Barry"]
[Black "Jara, Julio Cesar"]
[Result "0-1"]
[WhiteElo "1360"]
[BlackElo "1581"]
[PlyCount "68"]
[EventDate "2020.??.??"]
[EventType "tourn (corr)"]
[EventRounds "4"]
[SourceTitle "Corr 2024"]
[Source "ChessBase"]
[SourceDate "2023.10.19"]
[SourceVersion "1"]
[SourceVersionDate "2023.10.19"]
[SourceQuality "1"]
[WhiteTeam "Kanada"]
[BlackTeam "Argentinien"]
[WhiteTeamCountry "CAN"]
[BlackTeamCountry "ARG"]

1. Nf3 d5 2. g3 Nf6 3. Bg2 c5 4. d3 Nc6 5. Nbd2 e5 6. 0-0 Bd6 7. e4 d4 8. Nc4 Be6 9. h3 Bc7 10. Nh4 Qd7 11. Nf5 0-0 12. f4 exf4 13. Bxf4 Bxf4 14. Rxf4 Bxc4 15. dxc4 Ne5 16. Qd2 Nxc4 17. Qe2 Ne5 18. g4 Kh8 19. g5 Ng8 20. Raf1 Rad8 21. Qf2 f6 22. gxf6 Rxf6 23. Qg3 c4 24. R4f2 Qc7 25. Qf4 g6 26. Re1 Rdf8 27. Rd2 Ne7 28. Rxd4 gxf5 29. exf5 Rxf5 30. Qe4 N7c6 31. Rd2 Rf4 32. Qe3 Nf3+ 33. Bxf3 Rxf3 34. Qe6 Qb6+ 0-1

[Event "IECC CL5-2020.05 email"]
[Site "IECC email"]
[Date "2020.11.12"]
[Round "?"]
[White "Kohler, Hans Christian"]
[Black "Jewell, Barry"]
[Result "1-0"]
[WhiteElo "1474"]
[BlackElo "1446"]
[PlyCount "81"]
[EventDate "2020.??.??"]
[EventType "tourn (corr)"]
[EventRounds "4"]
[SourceTitle "Corr 2024"]
[Source "ChessBase"]
[SourceDate "2023.10.19"]
[SourceVersion "1"]
[SourceVersionDate "2023.10.19"]
[SourceQuality "1"]
[WhiteTeam "Deutschland"]
[BlackTeam "Kanada"]
[WhiteTeamCountry "GER"]
[BlackTeamCountry "CAN"]

1. e4 e5 2. Nf3 Nc6 3. Bb5 a6 4. Bxc6 dxc6 5. 0-0 Bd6 6. d4 exd4 7. Nxd4 Be5 8. Ne2 Qxd1 9. Rxd1 g6 10. Nbc3 Ne7 11. Bf4 Bxf4 12. Nxf4 Bd7 13. Rd2 0-0-0 14. Rad1 h5 15. Nd3 b6 16. Ne5 Be6 17. Rxd8+ Rxd8 18. Rxd8+ Kxd8 19. b3 f6 20. Nd3 c5 21. Nf4 Kd7 22. f3 Bf7 23. Kf2 g5 24. Nfe2 Nc6 25. Ke3 Ne5 26. Nd5 Bxd5 27. exd5 Kd6 28. Ke4 c4 29. Kf5 cxb3 30. cxb3 Ke7 31. f4 Ng4 32. fxg5 fxg5 33. Kxg5 Nxh2 34. Kxh5 Kd6 35. g4 Nxg4 36. Kxg4 Kxd5 37. Kf4 c5 38. Ke3 b5 39. Nc3+ Ke5 40. a4 c4 41. axb5 1-0

[Event "IECC CL5-2020.04 email"]
[Site "IECC email"]
[Date "2020.10.02"]
[Round "?"]
[White "Jewell, Barry"]
[Black "Kohler, Hans Christian"]
[Result "0-1"]
[WhiteElo "1464"]
[BlackElo "1434"]
[PlyCount "44"]
[EventDate "2020.??.??"]
[EventType "tourn (corr)"]
[EventRounds "4"]
[SourceTitle "Corr 2024"]
[Source "ChessBase"]
[SourceDate "2023.10.19"]
[SourceVersion "1"]
[SourceVersionDate "2023.10.19"]
[SourceQuality "1"]
[WhiteTeam "Kanada"]
[BlackTeam "Deutschland"]
[WhiteTeamCountry "CAN"]
[BlackTeamCountry "GER"]

1. e4 e5 2. Nf3 Nc6 3. Bc4 Bc5 4. c3 Nf6 5. d3 d6 6. 0-0 0-0 7. Bb3 a5 8. Nbd2 h6 9. h3 Ba7 10. Re1 Be6 11. Nf1 Re8 12. Ng3 Bxb3 13. axb3 d5 14. exd5 Qxd5 15. c4 Qd6 16. Bd2 Qxd3 17. Qc1 e4 18. Nh4 Qxg3 19. c5 Qxh4 20. Bxa5 Ne5 21. Qe3 Nd3 22. Rf1 Bxc5 0-1

[Event "IECC CL5-2019.03 email"]
[Site "IECC email"]
[Date "2019.05.08"]
[Round "?"]
[White "Jewell, Barry"]
[Black "Baker, Matt"]
[Result "1-0"]
[WhiteElo "1455"]
[BlackElo "1496"]
[PlyCount "79"]
[EventDate "2019.??.??"]
[EventType "tourn (corr)"]
[EventRounds "4"]
[SourceTitle "Corr 2020"]
[Source "ChessBase"]
[SourceDate "2019.09.30"]
[SourceVersion "1"]
[SourceVersionDate "2019.09.30"]
[SourceQuality "1"]
[WhiteTeam "Canada"]
[BlackTeam "United States"]
[WhiteTeamCountry "CAN"]
[BlackTeamCountry "USA"]

1. e4 c5 2. Nf3 d6 3. d4 cxd4 4. Nxd4 Nf6 5. Nc3 a6 6. Be3 e5 7. Nf3 Be7 8. Bc4 Be6 9. Bb3 Bxb3 10. axb3 Nc6 11. 0-0 Nb4 12. h3 Rc8 13. Ra4 d5 14. exd5 b5 15. Ra1 Nfxd5 16. Nxe5 Nxc3 17. bxc3 Qxd1 18. Rfxd1 Nxc2 19. Rxa6 Nxe3 20. fxe3 0-0 21. Rd3 Rfe8 22. Nf3 Bc5 23. Kf2 g6 24. b4 Bf8 25. Rb6 Rb8 26. Rxb8 Rxb8 27. Nd4 h5 28. g4 hxg4 29. hxg4 Be7 30. Nf3 Bf6 31. g5 Bh8 32. Ke2 Rc8 33. Nd4 Bxd4 34. Rxd4 Rxc3 35. Rd5 f6 36. Rxb5 fxg5 37. Rb8+ Kf7 38. b5 g4 39. b6 Rb3 40. b7 1-0

[Event "IECC CL5-2019.01 email"]
[Site "IECC email"]
[Date "2019.01.19"]
[Round "?"]
[White "Baker, Matt"]
[Black "Jewell, Barry"]
[Result "1-0"]
[WhiteElo "1480"]
[BlackElo "1477"]
[PlyCount "65"]
[EventDate "2019.??.??"]
[EventType "tourn (corr)"]
[EventRounds "4"]
[SourceTitle "Corr 2020"]
[Source "ChessBase"]
[SourceDate "2019.09.30"]
[SourceVersion "1"]
[SourceVersionDate "2019.09.30"]
[SourceQuality "1"]
[WhiteTeam "United States"]
[BlackTeam "Canada"]
[WhiteTeamCountry "USA"]
[BlackTeamCountry "CAN"]

1. Nf3 d5 2. d4 Nf6 3. c4 e6 4. Nc3 c5 5. cxd5 exd5 6. Bg5 Nbd7 7. Nxd5 cxd4 8. Qa4 h6 9. Bxf6 gxf6 10. e4 Bc5 11. Rc1 0-0 12. Nd2 Nb6 13. Qd1 Nxd5 14. Rxc5 Nf4 15. Qf3 Ng6 16. Bc4 Be6 17. Bxe6 fxe6 18. Qg3 Qe8 19. Rc7 f5 20. 0-0 f4 21. Qg4 Rf6 22. e5 Rf5 23. Ne4 h5 24. Nf6+ Kf8 25. Qf3 Qd8 26. Qxb7 Ne7 27. Rfc1 d3 28. Rxe7 Qxe7 29. Qxa8+ Kg7 30. Qg8+ Kh6 31. h4 Qg7 32. Qxe6 d2 33. Ng4+ 1-0

[Event "IECC CL5-2019.01 email"]
[Site "IECC email"]
[Date "2019.01.19"]
[Round "?"]
[White "Jewell, Barry"]
[Black "Vitello, Gabriella"]
[Result "0-1"]
[WhiteElo "1481"]
[BlackElo "1492"]
[PlyCount "78"]
[EventDate "2019.??.??"]
[EventType "tourn (corr)"]
[EventRounds "4"]
[SourceTitle "Corr 2020"]
[Source "ChessBase"]
[SourceDate "2019.09.30"]
[SourceVersion "1"]
[SourceVersionDate "2019.09.30"]
[SourceQuality "1"]
[WhiteTeam "Canada"]
[BlackTeam "Italy"]
[WhiteTeamCountry "CAN"]
[BlackTeamCountry "ITA"]

1. e4 e6 2. d4 d5 3. Nc3 dxe4 4. Nxe4 Nd7 5. Nf3 Ngf6 6. Bd3 c5 7. Qe2 cxd4 8. Nxd4 Nxe4 9. Qxe4 Nc5 10. Bb5+ Bd7 11. Qe2 Be7 12. Bxd7+ Qxd7 13. Be3 0-0 14. 0-0 a6 15. Rad1 Qc7 16. f4 Rfd8 17. c3 b5 18. Rf3 Rd5 19. Qc2 Rad8 20. Rdf1 Nb7 21. Qf2 Nd6 22. f5 e5 23. Ne6 fxe6 24. Bb6 Qb8 25. Bxd8 Qxd8 26. fxe6 Ne4 27. Qc2 Nd2 28. Qf5 Nxf3+ 29. Qxf3 Bf6 30. Qh5 Qb6+ 31. Kh1 Qxe6 32. Qe2 e4 33. c4 bxc4 34. Qxc4 e3 35. Qb3 e2 36. Re1 Rd6 37. Qb8+ Rd8 38. Qb4 Rd1 39. Qb8+ Bd8 0-1

[Event "IECC CL5-2016.03 email"]
[Site "IECC email"]
[Date "2016.07.01"]
[Round "?"]
[White "Jewell, Barry"]
[Black "Cook, Phil"]
[Result "0-1"]
[WhiteElo "1420"]
[BlackElo "1471"]
[PlyCount "62"]
[EventDate "2016.??.??"]
[EventType "tourn (corr)"]
[EventRounds "4"]
[SourceTitle "Corr 2020"]
[Source "ChessBase"]
[SourceDate "2019.09.30"]
[SourceVersion "1"]
[SourceVersionDate "2019.09.30"]
[SourceQuality "1"]
[WhiteTeam "Canada"]
[BlackTeam "New Zealand"]
[WhiteTeamCountry "CAN"]
[BlackTeamCountry "NZL"]

1. e4 c5 2. Nf3 e6 3. d4 cxd4 4. Nxd4 a6 5. Nc3 Qc7 6. Be3 Nf6 7. f3 d5 8. exd5 Bb4 9. Bb5+ axb5 10. Ndxb5 Qc4 11. Kf2 Nxd5 12. Nxd5 exd5 13. Na7 0-0 14. b3 Qh4+ 15. g3 Qe7 16. Qxd5 Re8 17. Qd4 Na6 18. Qe4 Qf8 19. Qc4 Be6 20. Qb5 Nc7 21. Qxb7 Nd5 22. Bd4 Re7 23. Qb5 Rexa7 24. Bxa7 Rxa7 25. Rhe1 Bxe1+ 26. Kxe1 Rd7 27. a3 Qd6 28. f4 Nc3 29. Qh5 Qb6 30. Kf1 Rd2 31. Qf3 Bh3+ 0-1

[Event "IECC CL5-2016.03 email"]
[Site "IECC email"]
[Date "2016.07.01"]
[Round "?"]
[White "Jewell, Barry"]
[Black "Hargreaves, Richard"]
[Result "0-1"]
[WhiteElo "1431"]
[BlackElo "1532"]
[PlyCount "98"]
[EventDate "2016.??.??"]
[EventType "tourn (corr)"]
[EventRounds "4"]
[SourceTitle "Corr 2020"]
[Source "ChessBase"]
[SourceDate "2019.09.30"]
[SourceVersion "1"]
[SourceVersionDate "2019.09.30"]
[SourceQuality "1"]
[WhiteTeam "Canada"]
[BlackTeam "England"]
[WhiteTeamCountry "CAN"]
[BlackTeamCountry "ENG"]

1. e4 e5 2. Nf3 Nf6 3. Nxe5 d6 4. Nf3 Nxe4 5. d4 d5 6. Bd3 Be7 7. 0-0 0-0 8. c4 Nf6 9. Nc3 c6 10. Qc2 Na6 11. a3 Nc7 12. cxd5 Ncxd5 13. Nxd5 Qxd5 14. Bd2 Bg4 15. Bc4 Qd7 16. Ne5 Qxd4 17. Bc3 Qf4 18. g3 Qf5 19. Bd3 Qh5 20. b4 Rad8 21. f3 Be6 22. f4 Nd5 23. Bd2 f6 24. f5 Bc8 25. Nf3 Bd6 26. Nd4 Be5 27. Ne6 Bxe6 28. fxe6 Bd4+ 29. Kg2 Bxa1 30. Rxa1 Qe5 31. Bxh7+ Kh8 32. Re1 Qxe1 33. Bxe1 Ne3+ 34. Kf3 Nxc2 35. Bxc2 Rd5 36. Bc3 Re8 37. Be4 Rdd8 38. Bf5 Rxe6 39. g4 Red6 40. Ke2 Rd1 41. h4 Rh1 42. h5 Rh3 43. Be1 Re8+ 44. Kf2 Rxa3 45. Bd7 Ra2+ 46. Kf1 Ree2 47. b5 cxb5 48. Bxb5 Rh2 49. Kg1 Rhg2+ 0-1

[Event "IECC CL5-2016.01 email"]
[Site "IECC email"]
[Date "2016.03.15"]
[Round "?"]
[White "Jewell, Barry"]
[Black "Basson, Heinrich"]
[Result "0-1"]
[WhiteElo "1420"]
[BlackElo "1588"]
[PlyCount "64"]
[EventDate "2016.??.??"]
[EventType "tourn (corr)"]
[EventRounds "4"]
[SourceTitle "Corr 2020"]
[Source "ChessBase"]
[SourceDate "2019.09.30"]
[SourceVersion "1"]
[SourceVersionDate "2019.09.30"]
[SourceQuality "1"]
[WhiteTeam "Canada"]
[BlackTeam "South Africa"]
[WhiteTeamCountry "CAN"]
[BlackTeamCountry "RSA"]

1. e4 c5 2. Nf3 Nc6 3. d4 cxd4 4. Nxd4 d6 5. Nc3 e6 6. Be3 Be7 7. Qd2 Nf6 8. f3 0-0 9. 0-0-0 a6 10. g4 Nxd4 11. Bxd4 Nd7 12. Kb1 b5 13. Bd3 b4 14. Ne2 Ne5 15. f4 Nxd3 16. Qxd3 Qa5 17. f5 Bb7 18. Qe3 Qb5 19. Ng3 e5 20. Bb6 Rfc8 21. f6 Bxf6 22. Nf5 d5 23. Nd6 Qc6 24. Nxc8 d4 25. Bxd4 exd4 26. Ne7+ Bxe7 27. Qxd4 Rc8 28. Qd2 Qc4 29. h3 Bxe4 30. Rh2 Bg5 31. b3 Qc5 32. Qf2 Qc3 0-1

[Event "IECC CL5-2015.06 email"]
[Site "IECC email"]
[Date "2015.12.10"]
[Round "?"]
[White "Jewell, Barry"]
[Black "Vitkin, Vit"]
[Result "1-0"]
[WhiteElo "1432"]
[BlackElo "1508"]
[PlyCount "85"]
[EventDate "2015.??.??"]
[EventType "tourn (corr)"]
[EventRounds "4"]
[SourceTitle "Corr 2020"]
[Source "ChessBase"]
[SourceDate "2019.09.30"]
[SourceVersion "1"]
[SourceVersionDate "2019.09.30"]
[SourceQuality "1"]
[WhiteTeam "Canada"]
[BlackTeam "United States"]
[WhiteTeamCountry "CAN"]
[BlackTeamCountry "USA"]

1. e4 e5 2. Nf3 Bc5 3. Bc4 d6 4. 0-0 Bg4 5. d3 Nc6 6. c3 Bxf3 7. Qxf3 Qf6 8. Qxf6 Nxf6 9. b4 Bb6 10. a4 a6 11. a5 Ba7 12. Be3 h6 13. Bxa7 Rxa7 14. Nd2 Ke7 15. Rfe1 Nd7 16. Bd5 Nd8 17. Nf3 f6 18. d4 g5 19. h3 h5 20. Kh2 Ne6 21. Bxe6 Kxe6 22. d5+ Ke7 23. Reb1 Rc8 24. Rc1 b6 25. Nd2 b5 26. Nf1 h4 27. Ne3 Nf8 28. Nf5+ Kd7 29. c4 c5 30. dxc6+ Rxc6 31. c5 dxc5 32. Rd1+ Ke8 33. Nd6+ Ke7 34. bxc5 Rxc5 35. Nf5+ Kf7 36. Rd6 Kg6 37. Ne3 Rcc7 38. Nd5 Rf7 39. Nb4 Rfd7 40. Rxa6 Rxa6 41. Nxa6 Ra7 42. Nb4 Rxa5 43. Rxa5 1-0

[Event "IECC CL5-2014.03 email"]
[Site "IECC email"]
[Date "2014.06.20"]
[Round "?"]
[White "Vann, Robin"]
[Black "Jewell, Barry"]
[Result "0-1"]
[WhiteElo "1398"]
[BlackElo "1468"]
[PlyCount "72"]
[EventDate "2014.??.??"]
[EventType "tourn (corr)"]
[EventRounds "4"]
[SourceTitle "Corr 2020"]
[Source "ChessBase"]
[SourceDate "2019.09.30"]
[SourceVersion "1"]
[SourceVersionDate "2019.09.30"]
[SourceQuality "1"]
[WhiteTeam "England"]
[BlackTeam "Canada"]
[WhiteTeamCountry "ENG"]
[BlackTeamCountry "CAN"]

1. e4 e5 2. Nf3 Nc6 3. Bb5 Nge7 4. 0-0 Ng6 5. c3 Be7 6. d4 exd4 7. cxd4 a6 8. Ba4 0-0 9. Nc3 d6 10. h3 Bd7 11. Nd5 b5 12. Bc2 Qc8 13. Bg5 f6 14. Bd2 Be6 15. Bb3 Kh8 16. Rc1 Bd7 17. Qe2 Qb8 18. Nh2 Nxd4 19. Qd3 c5 20. Nxe7 Nxe7 21. Bd1 Nec6 22. Ng4 f5 23. exf5 Bxf5 24. Qg3 Bg6 25. Bf4 Nf5 26. Qh2 Ncd4 27. Ne3 Ne6 28. Bf3 Nxf4 29. Qxf4 Nd4 30. Qg4 Rxf3 31. gxf3 Qb7 32. Kg2 Nxf3 33. Kg3 Rf8 34. Qe6 Rf6 35. Qd5 Qe7 36. Qxf3 Qe5+ 0-1

[Event "IECC CL5-2014.01 email"]
[Site "IECC email"]
[Date "2014.03.24"]
[Round "?"]
[White "Jewell, Barry"]
[Black "Ridding, Mark Frank"]
[Result "0-1"]
[WhiteElo "1488"]
[BlackElo "1515"]
[PlyCount "54"]
[EventDate "2014.??.??"]
[EventType "tourn (corr)"]
[EventRounds "4"]
[SourceTitle "Corr 2020"]
[Source "ChessBase"]
[SourceDate "2019.09.30"]
[SourceVersion "1"]
[SourceVersionDate "2019.09.30"]
[SourceQuality "1"]
[WhiteTeam "Canada"]
[BlackTeam "England"]
[WhiteTeamCountry "CAN"]
[BlackTeamCountry "ENG"]

1. e4 e6 2. d4 d5 3. Nd2 c5 4. Ngf3 Nf6 5. exd5 exd5 6. Be2 Nc6 7. 0-0 Bd6 8. dxc5 Bxc5 9. Nb3 Bb6 10. Bg5 0-0 11. c3 Re8 12. Bh4 h6 13. Re1 Bf5 14. Nbd4 Bh7 15. Nxc6 bxc6 16. Qa4 Re4 17. Qxc6 Rxh4 18. Nxh4 Ne4 19. Nf3 Rc8 20. Qxc8 Bxf2+ 21. Kf1 Qxc8 22. Red1 Qc5 23. Nd4 g5 24. Bd3 Be3 25. Ke2 Bxd4 26. Bxe4 Qb5+ 27. Ke1 dxe4 0-1

[Event "IECC CL5-2014.01 email"]
[Site "IECC email"]
[Date "2014.03.24"]
[Round "?"]
[White "Jewell, Barry"]
[Black "Watson, Roger E"]
[Result "0-1"]
[WhiteElo "1473"]
[BlackElo "1463"]
[PlyCount "72"]
[EventDate "2014.??.??"]
[EventType "tourn (corr)"]
[EventRounds "4"]
[SourceTitle "Corr 2020"]
[Source "ChessBase"]
[SourceDate "2019.09.30"]
[SourceVersion "1"]
[SourceVersionDate "2019.09.30"]
[SourceQuality "1"]
[WhiteTeam "Canada"]
[BlackTeam "United States"]
[WhiteTeamCountry "CAN"]
[BlackTeamCountry "USA"]

1. e4 c5 2. Nf3 d6 3. d4 cxd4 4. Nxd4 Nf6 5. Nc3 a6 6. Bg5 e6 7. f4 Be7 8. Qf3 Qc7 9. 0-0-0 Nbd7 10. Bd3 b5 11. Rhe1 Bb7 12. Nb3 b4 13. Na4 h6 14. Qh3 0-0-0 15. Bxf6 Bxf6 16. Qe3 Qc6 17. e5 Nxe5 18. Be4 d5 19. Qc5 Nd7 20. Qxc6+ Bxc6 21. Bd3 Bxa4 22. Bxa6+ Kc7 23. Nd4 Kb6 24. Bf1 Ra8 25. Kb1 Rhc8 26. b3 Bc6 27. Re3 Bb7 28. a4 bxa3 29. c3 a2+ 30. Ka1 Bc6 31. Kb2 Nc5 32. Bd3 Bxd4 33. cxd4 Nxb3 34. Ba6 Na5 35. Bf1 Ba4 36. Rde1 Rc2+ 0-1

[Event "IECC 2014-1.11"]
[Site "IECC email"]
[Date "2014.01.05"]
[Round "?"]
[White "Elliott, Tom"]
[Black "Jewell, Barry"]
[Result "1-0"]
[WhiteElo "2000"]
[BlackElo "1520"]
[PlyCount "63"]
[EventDate "2014.??.??"]
[EventType "tourn (corr)"]
[SourceTitle "Corr 2020"]
[Source "ChessBase"]
[SourceDate "2019.09.30"]
[SourceVersion "1"]
[SourceVersionDate "2019.09.30"]
[SourceQuality "1"]
[WhiteTeam "United States"]
[BlackTeam "Canada"]
[WhiteTeamCountry "USA"]
[BlackTeamCountry "CAN"]

1. d4 Nf6 2. c4 c5 3. Nf3 e6 4. d5 exd5 5. cxd5 d6 6. Nc3 g6 7. Bf4 Bg7 8. Nd2 a6 9. Nc4 Bf8 10. Qa4+ Bd7 11. Qb3 b5 12. Nxd6+ Bxd6 13. Bxd6 Qb6 14. Nxb5 axb5 15. Qe3+ Kd8 16. Bxc5 Qa5+ 17. b4 Qa3 18. Be7+ Kc8 19. Qxa3 Rxa3 20. Bxf6 Re8 21. e3 Re4 22. Bb2 Ra6 23. Rc1+ Kb7 24. a3 f5 25. g3 Re8 26. Bg2 Rd6 27. 0-0 Na6 28. f4 g5 29. fxg5 Rxe3 30. Rfe1 Rxe1+ 31. Rxe1 h6 32. Re6 1-0

[Event "IECC 2014-1.11"]
[Site "IECC email"]
[Date "2014.01.05"]
[Round "?"]
[White "Jewell, Barry"]
[Black "Hassan, Bill"]
[Result "0-1"]
[WhiteElo "1485"]
[BlackElo "1803"]
[PlyCount "96"]
[EventDate "2014.??.??"]
[EventType "tourn (corr)"]
[SourceTitle "Corr 2020"]
[Source "ChessBase"]
[SourceDate "2019.09.30"]
[SourceVersion "1"]
[SourceVersionDate "2019.09.30"]
[SourceQuality "1"]
[WhiteTeam "Canada"]
[BlackTeam "United States"]
[WhiteTeamCountry "CAN"]
[BlackTeamCountry "USA"]

1. Nf3 c5 2. g3 Nc6 3. Bg2 g6 4. d3 Bg7 5. e4 d6 6. 0-0 e5 7. c3 Nge7 8. Re1 0-0 9. Nbd2 Be6 10. a3 h6 11. b4 b5 12. bxc5 dxc5 13. Nf1 Qd7 14. Be3 Qd6 15. Qd2 Rfd8 16. d4 exd4 17. cxd4 cxd4 18. Bxh6 f6 19. Bxg7 Kxg7 20. h4 Rab8 21. e5 fxe5 22. h5 Rh8 23. Nh4 Rxh5 24. Bf3 Rhh8 25. Qg5 Bd5 26. Nd2 Bxf3 27. Nhxf3 Rh6 28. Qg4 Nf5 29. Ne4 Qe6 30. Nfg5 Qd5 31. Nf3 Rbh8 32. Qg5 Qe6 33. g4 Rh1+ 34. Kg2 Nh4+ 35. Nxh4 R1xh4 36. f3 Qf7 37. Nd2 Rh2+ 38. Kg1 Rh1+ 39. Kg2 R8h2+ 40. Kg3 Rh3+ 41. Kg2 R1h2+ 42. Kg1 d3 43. Rf1 Qf4 44. Qxf4 exf4 45. Nb3 Rh1+ 46. Kf2 R3h2+ 47. Ke1 Re2+ 48. Kd1 Rxf1# 0-1

[Event "IECC CL5-2013.03 email"]
[Site "IECC email"]
[Date "2013.06.13"]
[Round "?"]
[White "Kinna, Michael"]
[Black "Jewell, Barry"]
[Result "1-0"]
[WhiteElo "1550"]
[BlackElo "1526"]
[PlyCount "131"]
[EventDate "2013.??.??"]
[EventType "tourn (corr)"]
[EventRounds "4"]
[SourceTitle "Telechess CBM 165"]
[Source "ChessBase"]
[SourceDate "2015.03.11"]
[SourceVersion "1"]
[SourceVersionDate "2015.03.11"]
[SourceQuality "1"]
[WhiteTeam "Australia"]
[BlackTeam "Canada"]
[WhiteTeamCountry "AUS"]
[BlackTeamCountry "CAN"]

1. d4 Nf6 2. c4 d6 3. Nc3 g6 4. e4 Bg7 5. Nf3 0-0 6. Be2 c5 7. 0-0 Nbd7 8. b3 cxd4 9. Nxd4 Nc5 10. f3 a6 11. b4 Ne6 12. Be3 Nh5 13. Nxe6 Bxe6 14. Rc1 Rc8 15. Qb3 f5 16. exf5 gxf5 17. Rfd1 f4 18. Bf2 Qd7 19. Ne4 Bf7 20. Ng5 Be5 21. Nxf7 Rxf7 22. c5 Kg7 23. Bc4 Rf6 24. Bh4 Qe8 25. Bxf6+ Nxf6 26. Be6 Rd8 27. Qd3 Qa4 28. a3 Rf8 29. Rd2 Qc6 30. Rcc2 Qe8 31. c6 bxc6 32. Qxa6 c5 33. bxc5 dxc5 34. Rxc5 Bd6 35. Rg5+ Kh8 36. Rc2 Qb8 37. Rb5 Qa8 38. Ra5 Qb8 39. Qb5 Qxb5 40. Rxb5 Bxa3 41. Rb7 Bd6 42. Kf2 Kg7 43. Ra2 h5 44. Ra5 Kh6 45. Ra4 Rb8 46. Rxb8 Bxb8 47. g3 fxg3+ 48. hxg3 Bd6 49. Kg2 Kg6 50. Kh3 Nh7 51. f4 Nf6 52. Kh4 Bc5 53. Ra5 Bd6 54. Rg5+ Kh7 55. Bf5+ Kh8 56. Bg6 Ba3 57. Bxh5 Bd6 58. Bf7 Kh7 59. Bb3 Kh8 60. Bc2 Bb4 61. Rb5 Bd6 62. f5 Kg7 63. g4 Nd7 64. g5 Nc5 65. Kh5 Kf7 66. Kh6 1-0

[Event "IECC KO-2118"]
[Site "IECC email"]
[Date "2013.04.16"]
[Round "?"]
[White "Jewell, Barry"]
[Black "Basson, Heinrich"]
[Result "0-1"]
[WhiteElo "1550"]
[BlackElo "1813"]
[PlyCount "68"]
[EventDate "2012.??.??"]
[EventType "match (corr)"]
[EventRounds "2"]
[SourceTitle "Telechess CBM 165"]
[Source "ChessBase"]
[SourceDate "2015.03.11"]
[SourceVersion "1"]
[SourceVersionDate "2015.03.11"]
[SourceQuality "1"]
[WhiteTeam "Canada"]
[BlackTeam "South Africa"]
[WhiteTeamCountry "CAN"]
[BlackTeamCountry "RSA"]

1. e4 d5 2. exd5 Qxd5 3. Nc3 Qa5 4. d4 c6 5. Nf3 Nf6 6. Bd2 Qc7 7. Bc4 e6 8. Qe2 Be7 9. 0-0 0-0 10. Rfe1 b6 11. Rad1 a5 12. Bc1 Ba6 13. Bxa6 Nxa6 14. a3 Nb8 15. Ne5 Nbd7 16. f4 Rad8 17. Qf3 Nd5 18. Ne4 b5 19. b3 f5 20. Ng5 Bxg5 21. Nxd7 Qxd7 22. fxg5 b4 23. Bb2 Qd6 24. axb4 axb4 25. c4 bxc3 26. Bxc3 Rb8 27. Bb2 f4 28. Rd3 Rf5 29. Re5 Rd8 30. Rxf5 exf5 31. Rd1 Qe7 32. h4 Qe3+ 33. Kh2 Rb8 34. Rd3 Qe1 0-1

[Event "IECC KO-2118"]
[Site "IECC email"]
[Date "2012.06.24"]
[Round "?"]
[White "Hutton, Andrew D"]
[Black "Jewell, Barry"]
[Result "0-1"]
[WhiteElo "1271"]
[BlackElo "1568"]
[PlyCount "54"]
[EventDate "2012.??.??"]
[EventType "match (corr)"]
[EventRounds "2"]
[SourceTitle "Telechess CBM 165"]
[Source "ChessBase"]
[SourceDate "2015.03.11"]
[SourceVersion "1"]
[SourceVersionDate "2015.03.11"]
[SourceQuality "1"]
[WhiteTeam "Hong Kong"]
[BlackTeam "Canada"]
[WhiteTeamCountry "HKG"]
[BlackTeamCountry "CAN"]

1. d4 Nf6 2. Nc3 d6 3. e4 g6 4. Bd3 Bg7 5. Nf3 0-0 6. Be3 Nbd7 7. Qd2 Ng4 8. Bf4 e5 9. Bg3 exd4 10. Ne2 Nge5 11. Nxe5 dxe5 12. 0-0-0 Nc5 13. Kb1 Nxd3 14. Qxd3 f5 15. f3 f4 16. Be1 Be6 17. h4 c5 18. Ng1 c4 19. Qe2 a5 20. Nh3 h6 21. Kc1 d3 22. Qd2 Qc7 23. Qc3 dxc2 24. Rd2 b5 25. b3 b4 26. Qxc2 c3 27. Rd3 a4 0-1

[Event "IECC CL5-2012.04 email"]
[Site "IECC email"]
[Date "2012.05.15"]
[Round "?"]
[White "Jewell, Barry"]
[Black "Rubandhas, Samprabhu"]
[Result "1-0"]
[WhiteElo "1551"]
[BlackElo "1384"]
[PlyCount "55"]
[EventDate "2012.??.??"]
[EventType "tourn (corr)"]
[EventRounds "4"]
[SourceTitle "Telechess CBM 165"]
[Source "ChessBase"]
[SourceDate "2015.03.11"]
[SourceVersion "1"]
[SourceVersionDate "2015.03.11"]
[SourceQuality "1"]
[WhiteTeam "Canada"]
[BlackTeam "US of America"]
[WhiteTeamCountry "CAN"]
[BlackTeamCountry "USA"]

1. e4 c5 2. Nf3 Nc6 3. d4 cxd4 4. Nxd4 Nf6 5. Nc3 d6 6. Bg5 Be6 7. Qd2 g6 8. Nxe6 fxe6 9. Bc4 Qd7 10. 0-0-0 Bg7 11. f3 0-0 12. g4 Rac8 13. Bb3 Ne5 14. Qg2 Ne8 15. f4 Nf7 16. f5 Nxg5 17. h4 Bxc3 18. hxg5 gxf5 19. gxf5 Bxb2+ 20. Kxb2 Qb5 21. Qh3 Rf7 22. g6 Qe5+ 23. Kb1 hxg6 24. fxg6 Rc5 25. gxf7+ Kxf7 26. Qh7+ Qg7 27. Rdf1+ Nf6 28. Bxe6+ 1-0